| 000 | 00439nam a2200181Ia 4500 | ||
|---|---|---|---|
| 001 | 1714 | ||
| 005 | 20260306143748.0 | ||
| 008 | 260306t1963||||xx |||||||||||||| ||spa|| | ||
| 041 | _aESP | ||
| 082 |
_a155.2 _bM64 |
||
| 100 |
_aMiró Quesada, Oscar _eAUT |
||
| 245 | 0 | _aPsicoanálisis y perfeccionamiento individual | |
| 260 | _c1963 | ||
| 300 |
_a76 páginas : _c18 cm. |
||
| 650 | _aGEN | ||
| 654 | _aCHU | ||
| 942 |
_cLIB _dJUS _fJUS _2ddc _n |
||
| 999 |
_c1714 _d1714 |
||